000
00285nam a22001217a 4500
008
181101b xxu||||| |||| 00| 0 eng d
041
_a
eng
080
_a
101
100
_a
370
101
_a
EDU
245
_a
The Democartic Philosophy Of Education
_c
Hareell.H
942
_2
udc
_c
BK
999
_c
51491
_d
51491